00505nam a2200181Ia 450000500170000000800410001702000150005808200130007310000160008624500270010226000300012930000170015965000100017665000210018694200060020795200950021399900150030820240830030705.0240331s9999 xx 000 0 und d a9559555006 bRANa792 aRanaweera,E 0aAttaka mal paravi giya aColombobj. Diandasc1993 avi, 68 p .,  aDrama aSinhala Language cL 001040708LaWERCLbWERCLcSSCd2024-03-31l0o 792 RANp2087r2024-03-31w2024-03-31yL c4353d4353